[Event "SVK-chT5 A22 2223"]
[Site "Slovakia"]
[Date "2023.03.18"]
[Round "9.1"]
[White "Tupy, Emil"]
[Black "Gajarsky, Julius"]
[Result "0-1"]
[WhiteElo "1557"]
[BlackElo "1605"]
[PlyCount "72"]
[EventDate "2022.10.15"]
[EventType "team-tourn"]
[EventRounds "9"]
[EventCountry "SVK"]
[SourceTitle "EXT 2024"]
[Source "ChessBase"]
[SourceDate "2023.10.10"]
[SourceVersion "1"]
[SourceVersionDate "2023.10.10"]
[SourceQuality "1"]
[WhiteTeam "Hlohovec III"]
[BlackTeam "Modranka Komplet Juniors II"]
[WhiteTeamCountry "SVK"]
[BlackTeamCountry "SVK"]

1. c4 e5 2. Nc3 c5 3. g3 Nf6 4. Bg2 d6 5. Nd5 Nxd5 6. Bxd5 Be7 7. d3 Nd7 8. Bg2 0-0 9. Nf3 Rb8 10. 0-0 f5 11. e3 Nf6 12. h3 a6 13. a4 Bd7 14. Re1 Qe8 15. Qc2 Qh5 16. Nh2 Bc6 17. Bxc6 bxc6 18. Kg2 h6 19. Qe2 Qg6 20. f4 e4 21. Rg1 d5 22. Ra3 exd3 23. Qxd3 Ne4 24. Kf3 Qh5+ 25. Kg2 Qg6 26. Kf3 Qe6 27. b3 g5 28. g4 Bd6 29. gxf5 Qxf5 30. Ng4 Kh7 31. Nf2 gxf4 32. exf4 Bxf4 33. Ke2 Bxc1 34. Nxe4 dxe4 35. Qc3 Qf2+ 36. Kd1 Qxg1+ 0-1

[Event "SVK-chT4 A22 1819"]
[Site "Slovakia"]
[Date "2019.02.03"]
[Round "8.3"]
[White "Tupy, Emil"]
[Black "Sipkovsky, Ladislav"]
[Result "0-1"]
[WhiteElo "1624"]
[BlackElo "1758"]
[PlyCount "118"]
[EventDate "2018.10.14"]
[EventType "team-tourn"]
[EventRounds "11"]
[EventCountry "SVK"]
[SourceTitle "EXT 2020"]
[Source "ChessBase"]
[SourceDate "2019.10.17"]
[SourceVersion "1"]
[SourceVersionDate "2019.10.17"]
[SourceQuality "1"]

1. Nf3 d5 2. d4 g6 3. g3 Bg7 4. Bg2 c6 5. Bf4 Nd7 6. 0-0 Ngf6 7. Nc3 0-0 8. Re1 Nb6 9. b3 Bf5 10. Ne5 Nh5 11. Be3 Nf6 12. f3 Nfd7 13. Nd3 e5 14. Nf2 Nc8 15. g4 Be6 16. Qd2 f5 17. Bh6 Bxh6 18. Qxh6 exd4 19. Ncd1 Qf6 20. Rc1 Ne5 21. g5 Qe7 22. Nd3 Nf7 23. Qh4 c5 24. f4 b6 25. c4 Qd6 26. e3 Rb8 27. exd4 dxc4 28. bxc4 Qxd4+ 29. N1f2 Bxc4 30. Ne5 Nxe5 31. Rxe5 Bf7 32. Rd1 Qa4 33. Bd5 Bxd5 34. Rdxd5 Rb7 35. Rd2 Rd7 36. Rde2 Nd6 37. Re7 Rxe7 38. Rxe7 Nf7 39. Re2 Qc4 40. Re1 Qxa2 41. Qg3 Qc4 42. Qe3 a5 43. Rc1 Qd4 44. Qxd4 cxd4 45. Nd3 Rd8 46. Rc6 Rb8 47. Ne5 Nxe5 48. fxe5 a4 49. Rd6 b5 50. e6 Kf8 51. Rd7 a3 52. Rxh7 Re8 53. Rf7+ Kg8 54. Ra7 b4 55. e7 Kf7 56. Rd7 a2 57. Ra7 b3 58. Ra3 Rxe7 59. Kf2 b2 0-1

[Event "SVK-chT3A2 1819"]
[Site "Slovakia"]
[Date "2018.11.25"]
[Round "4.1"]
[White "Tupy, Emil"]
[Black "Hirmajer, Jan"]
[Result "1-0"]
[WhiteElo "1639"]
[BlackElo "1909"]
[PlyCount "99"]
[EventDate "2018.10.07"]
[EventType "team-tourn"]
[EventRounds "11"]
[EventCountry "SVK"]
[SourceTitle "EXT 2020"]
[Source "ChessBase"]
[SourceDate "2019.10.17"]
[SourceVersion "1"]
[SourceVersionDate "2019.10.17"]
[SourceQuality "1"]
[WhiteTeam "Hlohovec"]
[BlackTeam "Holic"]
[WhiteTeamCountry "SVK"]
[BlackTeamCountry "SVK"]

1. Nf3 c5 2. c4 g6 3. g3 Bg7 4. Bg2 Nc6 5. Nc3 Nf6 6. d3 d6 7. a3 0-0 8. 0-0 Bg4 9. Re1 Rb8 10. h3 Bd7 11. Qc2 Qc8 12. Kh2 e5 13. Bd2 a6 14. Qc1 Re8 15. Bh6 Bh8 16. e4 Na5 17. Qc2 b5 18. cxb5 axb5 19. Rad1 Nc6 20. Nd5 Nxd5 21. exd5 Ne7 22. Ng1 Nf5 23. Qd2 b4 24. axb4 Rxb4 25. Rb1 Nxh6 26. Qxh6 Qb7 27. Re2 Bb5 28. Rd2 Bg7 29. Qe3 Rb3 30. Ne2 c4 31. Nc1 Rb4 32. dxc4 Rxc4 33. Bf1 Rd4 34. Bxb5 Qxb5 35. Rxd4 exd4 36. Qf3 Re1 37. Ra1 Re8 38. Nd3 Qb7 39. h4 Be5 40. Kg2 Kg7 41. Re1 Qc7 42. Qe2 Rb8 43. Rc1 Qe7 44. Re1 Qc7 45. Nxe5 dxe5 46. Qxe5+ Qxe5 47. Rxe5 d3 48. d6 Rxb2 49. d7 Re2 50. Rd5 1-0

[Event "SVK-chT4 A22 1718"]
[Site "Slovakia"]
[Date "2017.11.12"]
[Round "4.6"]
[White "Tupy, Emil"]
[Black "Brestovansky, Anton"]
[Result "0-1"]
[WhiteElo "1680"]
[BlackElo "1718"]
[PlyCount "140"]
[EventDate "2017.10.01"]
[EventType "team-tourn"]
[EventRounds "11"]
[EventCountry "SVK"]
[SourceTitle "EXT 2020"]
[Source "ChessBase"]
[SourceDate "2019.10.17"]
[SourceVersion "1"]
[SourceVersionDate "2019.10.17"]
[SourceQuality "1"]

1. Nf3 c5 2. d4 cxd4 3. Nxd4 Nc6 4. Nxc6 bxc6 5. g3 Nf6 6. Bg2 e6 7. 0-0 Be7 8. e4 d5 9. Re1 0-0 10. Bf4 Qb6 11. b3 Bc5 12. Qe2 Ba6 13. c4 Bd4 14. Nd2 Bxa1 15. Rxa1 Rad8 16. Bg5 Qd4 17. Rd1 dxe4 18. Bxf6 Qxf6 19. Nxe4 Qe5 20. Re1 Qd4 21. Qh5 Bc8 22. Ng5 h6 23. Nf3 Qb2 24. Ne5 Rd2 25. Rf1 Qxa2 26. Nxc6 Qxb3 27. Qc5 Qb6 28. Qxb6 axb6 29. Rb1 Ba6 30. Bf1 Rd7 31. Rxb6 Bb7 32. Ne5 Rc7 33. h4 Rd8 34. Rb1 Kf8 35. Ng4 Bf3 36. Ne3 Be4 37. Rc1 Rc5 38. Ra1 Ke8 39. Re1 Bd3 40. Bg2 Rdc8 41. Bh3 Bxc4 42. Nf5 Kf8 43. Nd6 R8c6 44. Ne4 Ra5 45. Rd1 Bd5 46. Nd2 Ra2 47. Kf1 Rcc2 48. Ke1 Bf3 49. Nxf3 Re2+ 50. Kf1 Rxf2+ 51. Kg1 Rxf3 52. Bf1 Rxg3+ 53. Kh1 Rg4 54. h5 Rh4+ 55. Kg1 Rxh5 56. Bc4 Rc2 57. Bb3 Rb2 58. Ba4 Ra5 59. Bc6 Ke7 60. Re1 g5 61. Rd1 h5 62. Rd7+ Kf6 63. Rd1 g4 64. Be8 h4 65. Rf1+ Rf5 66. Re1 g3 67. Bc6 h3 68. Kh1 g2+ 69. Bxg2 hxg2+ 70. Kg1 Rf1+ 0-1

[Event "SVK-chT4 A22 1617"]
[Site "Slovakia"]
[Date "2016.11.06"]
[Round "3.6"]
[White "Pinter, Marek"]
[Black "Tupy, Emil"]
[Result "1/2-1/2"]
[WhiteElo "1487"]
[BlackElo "1675"]
[PlyCount "50"]
[EventDate "2016.10.09"]
[EventType "team-tourn"]
[EventRounds "11"]
[EventCountry "SVK"]
[SourceTitle "EXT 2020"]
[Source "ChessBase"]
[SourceDate "2019.10.17"]
[SourceVersion "1"]
[SourceVersionDate "2019.10.17"]
[SourceQuality "1"]

1. e4 c5 2. Nf3 Nc6 3. d4 cxd4 4. Nxd4 d6 5. Nc3 Bd7 6. Bc4 e6 7. Nf3 a6 8. a3 Nf6 9. Bg5 Be7 10. Qd2 Qc7 11. Bb3 Rc8 12. 0-0 Na5 13. Rac1 Nxb3 14. cxb3 Qd8 15. Rfe1 Bc6 16. Nd4 0-0 17. Nxc6 Rxc6 18. Rc2 Ne8 19. Bxe7 Qxe7 20. Qf4 Qf6 21. Qe3 Qg6 22. Rec1 h6 23. Ne2 Rxc2 24. Rxc2 Nf6 25. f3 d5 1/2-1/2

[Event "SVK-chT3A2 1516"]
[Site "Slovakia"]
[Date "2016.01.31"]
[Round "7.1"]
[White "Diviak, Rudolf"]
[Black "Tupy, Emil"]
[Result "1-0"]
[WhiteElo "1811"]
[BlackElo "1702"]
[PlyCount "103"]
[EventDate "2015.10.11"]
[EventType "team-tourn"]
[EventRounds "11"]
[EventCountry "SVK"]
[SourceTitle "EXT 2020"]
[Source "ChessBase"]
[SourceDate "2019.10.17"]
[SourceVersion "1"]
[SourceVersionDate "2019.10.17"]
[SourceQuality "1"]
[WhiteTeam "Senica CVC"]
[BlackTeam "Hlohovec"]
[WhiteTeamCountry "SVK"]
[BlackTeamCountry "SVK"]

1. e4 c5 2. Bc4 d6 3. Nf3 Nc6 4. c3 Nf6 5. d3 g6 6. Bb3 Bg7 7. 0-0 0-0 8. Re1 Qc7 9. Nbd2 a6 10. Nf1 Bg4 11. h3 Bxf3 12. Qxf3 Rac8 13. Ne3 e6 14. Bd2 Rcd8 15. Ng4 Nxg4 16. hxg4 Ne5 17. Qg3 Nc6 18. Kh2 Qd7 19. Rad1 Qe7 20. f4 Kh8 21. Qh3 Qc7 22. Rh1 f5 23. Kg1 Bd4+ 24. cxd4 Nxd4 25. Bc3 e5 26. Bxd4 exd4 27. Qh6 Qg7 28. Qxg7+ Kxg7 29. gxf5 gxf5 30. g3 fxe4 31. dxe4 b5 32. Bd5 Rf6 33. Kf2 Rdf8 34. b3 a5 35. Rh5 Rh6 36. Rdh1 Rff6 37. Rxh6 Rxh6 38. Rxh6 Kxh6 39. g4 Kg7 40. Bc6 b4 41. g5 h6 42. gxh6+ Kxh6 43. Be8 Kg7 44. Ke2 Kf6 45. Bd7 Ke7 46. Bc6 Kf6 47. Kd3 Ke7 48. Kc4 Kf6 49. Bd7 Ke7 50. Bg4 Kf6 51. Be2 Ke6 52. Kb5 1-0

[Event "SVK-chT4 A22 1516"]
[Site "Slovakia"]
[Date "2015.10.04"]
[Round "1.2"]
[White "Suchan, Jozef"]
[Black "Tupy, Emil"]
[Result "0-1"]
[WhiteElo "1727"]
[BlackElo "1702"]
[PlyCount "92"]
[EventDate "2015.10.04"]
[EventType "team-tourn"]
[EventRounds "11"]
[EventCountry "SVK"]
[SourceTitle "EXT 2020"]
[Source "ChessBase"]
[SourceDate "2019.10.17"]
[SourceVersion "1"]
[SourceVersionDate "2019.10.17"]
[SourceQuality "1"]

1. d4 Nf6 2. c4 g6 3. Nf3 Bg7 4. Nc3 d6 5. e3 0-0 6. Bd3 c6 7. 0-0 Nbd7 8. Qc2 Qc7 9. b3 b6 10. Bb2 Bb7 11. Rac1 Rac8 12. Rfd1 e6 13. Qe2 Qb8 14. e4 Ne8 15. Ng5 Bxd4 16. Qg4 Nef6 17. Qh3 Kg7 18. Ba3 c5 19. Ne2 e5 20. Nxd4 exd4 21. Rc2 Rce8 22. Re2 Ne5 23. Bb2 Bc8 24. Qh4 h6 25. Nh3 Bg4 26. Bc1 Rh8 27. Red2 Bxd1 28. Rxd1 Qd8 29. Qf4 Nh5 30. Qd2 Qf6 31. f4 Ng4 32. Qe2 Qh4 33. Bd2 f5 34. Be1 Qf6 35. Qf3 Ne3 36. Rd2 Re7 37. Bf2 Ng4 38. Be1 Rf8 39. Re2 Ne3 40. Nf2 fxe4 41. Bxe4 Qxf4 42. Bd2 Qxe4 43. Rxe3 Qb1+ 44. Qd1 Qxd1+ 45. Nxd1 dxe3 46. Bxe3 Rfe8 0-1

[Event "SVK-chT3A2 1415"]
[Site "Slovakia"]
[Date "2015.01.11"]
[Round "6.6"]
[White "Tupy, Emil"]
[Black "Vlkovic, Pavol"]
[Result "1-0"]
[WhiteElo "1704"]
[BlackElo "1820"]
[PlyCount "109"]
[EventDate "2014.10.19"]
[EventType "team-tourn"]
[EventRounds "11"]
[EventCountry "SVK"]
[SourceTitle "EXT 2019"]
[Source "ChessBase"]
[SourceDate "2018.10.10"]
[SourceVersion "1"]
[SourceVersionDate "2018.10.10"]
[SourceQuality "1"]

1. c4 Nf6 2. Nc3 g6 3. e4 d6 4. g3 Bg7 5. Bg2 c6 6. d4 0-0 7. Nf3 Nbd7 8. 0-0 Qc7 9. Re1 e5 10. dxe5 dxe5 11. b3 Rd8 12. Qc2 Nf8 13. Bb2 Bg4 14. h3 Bxf3 15. Bxf3 Ne6 16. Ne2 Bf8 17. Red1 Bc5 18. Kg2 Rxd1 19. Rxd1 Re8 20. a3 Ng5 21. Ng1 h5 22. b4 Bf8 23. c5 a5 24. h4 Ne6 25. Nh3 b6 26. cxb6 Qxb6 27. Bxe5 Ng4 28. Bc3 axb4 29. axb4 Bxb4 30. Bxb4 Qxb4 31. Qxc6 Rb8 32. Qd7 Qb2 33. Rd2 Qb3 34. Qd5 Qb6 35. Qa2 Qb4 36. Rd7 Ne5 37. Ra7 Rd8 38. Ra8 Rxa8 39. Qxa8+ Kg7 40. Qd5 Qc3 41. Bd1 Qb2 42. Nf4 Nxf4+ 43. gxf4 Ng4 44. Qc5 Qd2 45. Bxg4 hxg4 46. Qe5+ Kf8 47. f5 Qd3 48. f6 Qf3+ 49. Kg1 Qd1+ 50. Kh2 Qd8 51. Qg5 Qd4 52. Qf4 Ke8 53. Qb8+ Kd7 54. Qb7+ Ke6 55. Qe7# 1-0

[Event "SVK-chT4 A22 1314"]
[Site "Slovakia"]
[Date "2014.03.09"]
[Round "10.6"]
[White "Tupy, Emil"]
[Black "Benkovsky, Peter"]
[Result "1/2-1/2"]
[WhiteElo "1705"]
[BlackElo "1683"]
[PlyCount "49"]
[EventDate "2013.10.06"]
[EventType "team-tourn"]
[EventRounds "11"]
[EventCountry "SVK"]
[SourceTitle "EXT 2015"]
[Source "ChessBase"]
[SourceDate "2014.11.20"]
[SourceVersion "1"]
[SourceVersionDate "2014.11.20"]
[SourceQuality "1"]
[WhiteTeam "Hlohovec II"]
[BlackTeam "Trnava Lokomotiva V"]
[WhiteTeamCountry "SVK"]
[BlackTeamCountry "SVK"]

1. c4 Nf6 2. Nc3 c6 3. e4 d6 4. g3 g6 5. Bg2 Bg7 6. Nf3 0-0 7. 0-0 Bg4 8. h3 Bxf3 9. Bxf3 Nbd7 10. d4 Nb6 11. b3 Qd7 12. Bg2 Rad8 13. Bb2 Qc7 14. Qc2 Nfd7 15. Rad1 a6 16. h4 c5 17. Nd5 Nxd5 18. exd5 cxd4 19. Bxd4 Bxd4 20. Rxd4 Ne5 21. Qe2 f5 22. h5 Rf6 23. Rh4 g5 24. Rh1 h6 25. Re1 1/2-1/2

[Event "SVK-chT4 A22 1213"]
[Site "Slovakia"]
[Date "2013.03.03"]
[Round "10.2"]
[White "Tupy, Emil"]
[Black "Kosar, Mikulas"]
[Result "1-0"]
[WhiteElo "1686"]
[BlackElo "1965"]
[PlyCount "73"]
[EventDate "2012.10.14"]
[EventType "team-tourn"]
[EventRounds "11"]
[EventCountry "SVK"]
[SourceTitle "EXT 2015"]
[Source "ChessBase"]
[SourceDate "2014.11.20"]
[SourceVersion "1"]
[SourceVersionDate "2014.11.20"]
[SourceQuality "1"]
[WhiteTeam "Trakovice SK"]
[BlackTeam "Gabcikovo Russel II"]
[WhiteTeamCountry "SVK"]
[BlackTeamCountry "SVK"]

1. c4 f5 2. Nc3 Nf6 3. g3 e6 4. Bg2 Be7 5. Nf3 b6 6. d4 c6 7. Ne5 Qc7 8. Bf4 d6 9. Nf3 h6 10. h4 Bb7 11. Qc2 0-0 12. 0-0 Nbd7 13. Rfe1 Nh5 14. Qd2 Nxf4 15. Qxf4 e5 16. dxe5 dxe5 17. Qc1 Rad8 18. e3 Nc5 19. Rd1 Rxd1+ 20. Qxd1 e4 21. Nd4 Nd3 22. Ne6 Qe5 23. Nxf8 Kxf8 24. Qc2 Ba6 25. Qa4 Nxb2 26. Qxa6 Qxc3 27. Qc8+ Kf7 28. Qxf5+ Bf6 29. Bxe4 Nxc4 30. Rd1 Ne5 31. Qh5+ Ke7 32. Qe2 Qb4 33. Bg2 Qa4 34. Qd2 Ke8 35. f4 Nf7 36. Qd7+ Kf8 37. Bxc6 1-0

[Event "SVK-chT4 A22 1213"]
[Site "Slovakia"]
[Date "2012.11.11"]
[Round "3.2"]
[White "Tupy, Emil"]
[Black "Szekely, Stefan"]
[Result "0-1"]
[WhiteElo "1686"]
[BlackElo "1897"]
[PlyCount "64"]
[EventDate "2012.10.14"]
[EventType "team-tourn"]
[EventRounds "11"]
[EventCountry "SVK"]
[SourceTitle "EXT 2015"]
[Source "ChessBase"]
[SourceDate "2014.11.20"]
[SourceVersion "1"]
[SourceVersionDate "2014.11.20"]
[SourceQuality "1"]
[WhiteTeam "Trakovice SK"]
[BlackTeam "Potonska Veza III"]
[WhiteTeamCountry "SVK"]
[BlackTeamCountry "SVK"]

1. c4 d6 2. Nc3 Nf6 3. d4 g6 4. g3 Bg7 5. Bg2 Nbd7 6. f4 c5 7. Nf3 Rb8 8. a4 b6 9. 0-0 0-0 10. Qc2 Re8 11. Kh1 cxd4 12. Nxd4 Bb7 13. Bxb7 Rxb7 14. Nf3 e6 15. b3 d5 16. Nb5 Qb8 17. Bb2 a6 18. Nbd4 Rc7 19. Rac1 Rec8 20. Qb1 dxc4 21. bxc4 Rxc4 22. Rxc4 Rxc4 23. Qa2 Qc8 24. Nd2 Qb7+ 25. N4f3 Rc2 26. Kg1 Ne4 27. Qb1 Rxd2 28. Bxg7 Rxe2 29. Bd4 Nd2 30. Qd1 Nxf3+ 31. Rxf3 Qxf3 32. Qf1 Qxf1+ 0-1

[Event "SVK-chT4 A22 1213"]
[Site "Slovakia"]
[Date "2012.10.28"]
[Round "2.2"]
[White "Both, Lajos"]
[Black "Tupy, Emil"]
[Result "1-0"]
[WhiteElo "1820"]
[BlackElo "1686"]
[PlyCount "119"]
[EventDate "2012.10.14"]
[EventType "team-tourn"]
[EventRounds "11"]
[EventCountry "SVK"]
[SourceTitle "EXT 2015"]
[Source "ChessBase"]
[SourceDate "2014.11.20"]
[SourceVersion "1"]
[SourceVersionDate "2014.11.20"]
[SourceQuality "1"]
[WhiteTeam "Potonska Veza II"]
[BlackTeam "Trakovice SK"]
[WhiteTeamCountry "SVK"]
[BlackTeamCountry "SVK"]

1. e4 c5 2. c3 Nc6 3. d4 cxd4 4. cxd4 e6 5. Nf3 Nf6 6. Nc3 a6 7. Bd3 g6 8. 0-0 Qc7 9. e5 Nd5 10. Nxd5 exd5 11. Qe2 Bg7 12. Be3 0-0 13. Rac1 d6 14. exd6 Qxd6 15. Qd2 Re8 16. Bf4 Qf8 17. Be3 Be6 18. a3 Rac8 19. b4 Bg4 20. Be2 Bf5 21. Rc3 Be4 22. Rfc1 Ne7 23. Ne5 Bf5 24. Rc7 Rxc7 25. Rxc7 Rc8 26. Qc3 Qd8 27. Rc5 Bxe5 28. dxe5 Rxc5 29. Qxc5 Nc6 30. Bd4 Qh4 31. Bb2 Qe4 32. Qe3 Qxe3 33. fxe3 Kf8 34. Bf3 Be6 35. Kf2 Ne7 36. g4 Nc8 37. Bd4 Ke7 38. Ke2 Kd7 39. Kd3 Kc6 40. a4 b5 41. a5 Ne7 42. Bc5 Ng8 43. Kd4 f5 44. gxf5 gxf5 45. Bf8 Bf7 46. h4 Be6 47. Bh5 Kd7 48. Kc5 Kc7 49. Be8 h6 50. Bc6 Bf7 51. Bxd5 Bxd5 52. Kxd5 Kd7 53. h5 Ne7+ 54. Bxe7 Kxe7 55. e6 Ke8 56. Ke5 Ke7 57. Kxf5 Ke8 58. Kf6 Kf8 59. e7+ Ke8 60. e4 1-0